Anthropology of the state: (Record no. 658263)

MARC details
000 -LEADER
fixed length control field 00690nam a2200241Ia 4500
003 - CONTROL NUMBER IDENTIFIER
control field OSt
005 - DATE AND TIME OF LATEST TRANSACTION
control field 20250813151902.0
008 - FIXED-LENGTH DATA ELEMENTS--GENERAL INFORMATION
fixed length control field 220923b |||||||| |||| 00| 0 eng d
020 ## - INTERNATIONAL STANDARD BOOK NUMBER
International Standard Book Number 1405114681
037 ## - SOURCE OF ACQUISITION
Terms of availability General Book
040 ## - CATALOGING SOURCE
Original cataloging agency RTL
Transcribing agency RTL
Language of cataloging eng
041 ## - LANGUAGE CODE
Source of code eng
Language code of text/sound track or separate title eng
084 ## - COLON CLASSIFICATION NUMBER
Classification number Y9(W) P6
Assigning agency RTL
100 ## - MAIN ENTRY--PERSONAL NAME
Personal name Sharma, Aradhana
9 (RLIN) 312516
245 #0 - TITLE STATEMENT
Title Anthropology of the state:
Remainder of title A reader
260 ## - PUBLICATION, DISTRIBUTION, ETC.
Place of publication, distribution, etc. Victoria
Name of publisher, distributor, etc. Blackwell
Date of publication, distribution, etc. 2006
300 ## - PHYSICAL DESCRIPTION
Extent x,410p
Dimensions cm.
490 ## - SERIES STATEMENT
Series statement Blackwell Readers in Anthropology
500 ## - GENERAL NOTE
General note Bibliography chapterwise
700 ## - ADDED ENTRY--PERSONAL NAME
Personal name Gupta Akhil Ed.
9 (RLIN) 30721
942 ## - ADDED ENTRY ELEMENTS (KOHA)
Classification part Y9(W), P6
Koha item type General Books
Source of classification or shelving scheme Colon Classification (CC)
Suppress in OPAC No
Holdings
Withdrawn status Lost status Source of classification or shelving scheme Damaged status Not for loan Home library Current library Date acquired Total Checkouts Full call number Barcode Date last seen Date last checked out Price effective from Koha item type
    Colon Classification (CC)     Ratan Tata Library Ratan Tata Library 2022-09-26 1 Y9(W) P6 RT1325005 2025-08-13 2025-02-03 2022-09-26 General Books
Copyright @ Delhi University Library System